Statistics for Composition To Composer

Click here to take the quiz!

General Stats

  • This quiz has been taken 18 times
  • The average score is 7 of 9

Answer Stats

HintAnswer% Correct
Moonlight SonataLudwig van Beethoven
100%
The Marriage of FigaroWolfgang Mozart
100%
St Matthew PassionJohann Sebastian Bach
88%
Swan LakePyotr Ilyich Tchaikovsky
81%
The Hungarian Rhapsody No. 2Franz Liszt
81%
What a Wonderful WorldLouis Armstrong
75%
German RequiemJohannes Brahms
75%
WalzerBéla Bartók
25%
BerceuseErik Satie
25%

Score Distribution

Percentile by Number Answered

Percent of People with Each Score

Your Score History

You have not taken this quiz